TENWEK HOSP HOME | SOC  | ASK A LIBRARIANSTAFF LOGIN  |  DIGITAL REPOSITORYe-BOOK PORTAL  |  OFF-CAMPUS PORTAL  |  DONATE

Advanced community health nursing practice : (Record no. 1809)

MARC details
000 -LEADER
fixed length control field 01375cam a22003854a 4500
001 - CONTROL NUMBER
control field 12512739
003 - CONTROL NUMBER IDENTIFIER
control field Ke-BoTe
005 - DATE AND TIME OF LATEST TRANSACTION
control field 20220425165428.0
008 - FIXED-LENGTH DATA ELEMENTS--GENERAL INFORMATION
fixed length control field 010824s2002 njua b 001 0 eng c
010 ## - LIBRARY OF CONGRESS CONTROL NUMBER
LC control number 2001045934
020 ## - INTERNATIONAL STANDARD BOOK NUMBER
International Standard Book Number 0805373640
035 ## - SYSTEM CONTROL NUMBER
System control number (DNLM)101126704
040 ## - CATALOGING SOURCE
Original cataloging agency DNLM/DLC
Transcribing agency DLC
Modifying agency DLC
042 ## - AUTHENTICATION CODE
Authentication code pcc
050 00 - LIBRARY OF CONGRESS CALL NUMBER
Classification number RT98
Item number .E785 2002
060 10 - NATIONAL LIBRARY OF MEDICINE CALL NUMBER
Classification number WY 106
Item number E73a 2002
082 00 - DEWEY DECIMAL CLASSIFICATION NUMBER
Classification number 610.73/43
Edition number 21
100 1# - MAIN ENTRY--PERSONAL NAME
Personal name Ervin, Naomi E.
9 (RLIN) 3544
245 10 - TITLE STATEMENT
Title Advanced community health nursing practice :
Remainder of title population-focused care /
Statement of responsibility, etc. Naomi E. Ervin.
260 ## - PUBLICATION, DISTRIBUTION, ETC.
Place of publication, distribution, etc. Upper Saddle River, N.J. :
Name of publisher, distributor, etc. Prentice Hall,
Date of publication, distribution, etc. c2002.
300 ## - PHYSICAL DESCRIPTION
Extent xiii, 498 p. :
Other physical details ill. ;
Dimensions 24 cm.
500 ## - GENERAL NOTE
General note Includes bibliographical references and index.
650 #0 - SUBJECT ADDED ENTRY--TOPICAL TERM
Topical term or geographic name entry element Community health nursing.
9 (RLIN) 3369
650 #0 - SUBJECT ADDED ENTRY--TOPICAL TERM
Topical term or geographic name entry element Needs assessment.
9 (RLIN) 3545
650 12 - SUBJECT ADDED ENTRY--TOPICAL TERM
Topical term or geographic name entry element Community Health Nursing.
9 (RLIN) 3369
650 22 - SUBJECT ADDED ENTRY--TOPICAL TERM
Topical term or geographic name entry element Community Health Services
General subdivision organization & administration.
9 (RLIN) 3546
650 22 - SUBJECT ADDED ENTRY--TOPICAL TERM
Topical term or geographic name entry element Data Collection.
9 (RLIN) 3547
650 22 - SUBJECT ADDED ENTRY--TOPICAL TERM
Topical term or geographic name entry element Health Services Needs and Demand.
9 (RLIN) 3548
650 22 - SUBJECT ADDED ENTRY--TOPICAL TERM
Topical term or geographic name entry element Needs Assessment.
9 (RLIN) 3549
650 22 - SUBJECT ADDED ENTRY--TOPICAL TERM
Topical term or geographic name entry element Program Evaluation.
9 (RLIN) 3550
906 ## - LOCAL DATA ELEMENT F, LDF (RLIN)
a 7
b cbc
c orignew
d 1
e ocip
f 20
g y-gencatlg
942 ## - ADDED ENTRY ELEMENTS (KOHA)
Source of classification or shelving scheme Library of Congress Classification
Koha item type Books
Suppress in OPAC No
Holdings
Withdrawn status Lost status Source of classification or shelving scheme Damaged status Not for loan Collection code Home library Current library Shelving location Date acquired Total Checkouts Full call number Barcode Date last seen Price effective from Koha item type
    Library of Congress Classification     Non-fiction SCHOOL OF HEALTH SCIENCES SCHOOL OF HEALTH SCIENCES General Stacks 25.04.2022   RT98 .E785 2002 00001635 25.04.2022 25.04.2022 Books